Xây dựng giao diện Người - Máy Luận văn Thạc sĩ Công nghệ Thông tin. Chuyên ngành Công nghệ Thông tin

Đề tài được xây dựng để giúp người sử dụng hiểu được các đặc điểm và tác dụng của âm thanh trong thiết kế giao diện người - máy. Từ đó có hướng phát triển giao diện một cách khoa học, phù hợp nhất để tạo ra được sự tương tác,...

Deskribapen osoa

Gorde:
Xehetasun bibliografikoak
Egile nagusia: Nguyễn, Văn Thơm
Formatua: Liburua
Hizkuntza:Undetermined
Argitaratua: Cần Thơ Trường Đại học Cần Thơ 2013
Gaiak:
Etiketak: Etiketa erantsi
Etiketarik gabe, Izan zaitez lehena erregistro honi etiketa jartzen!
Thư viện lưu trữ: Trung tâm Học liệu Trường Đại học Cần Thơ
LEADER 01333nam a2200217Ia 4500
001 CTU_181901
008 210402s9999 xx 000 0 und d
082 |a 004.01 
082 |b Th463 
088 |a 60480104 
100 |a Nguyễn, Văn Thơm 
245 0 |a Xây dựng giao diện Người - Máy 
245 0 |b Luận văn Thạc sĩ Công nghệ Thông tin. Chuyên ngành Công nghệ Thông tin 
245 0 |c Nguyễn Văn Thơm ; Phạm Thị Xuân Lộc (Giáo viên hướng dẫn) 
260 |a Cần Thơ 
260 |b Trường Đại học Cần Thơ 
260 |c 2013 
520 |a Đề tài được xây dựng để giúp người sử dụng hiểu được các đặc điểm và tác dụng của âm thanh trong thiết kế giao diện người - máy. Từ đó có hướng phát triển giao diện một cách khoa học, phù hợp nhất để tạo ra được sự tương tác, sự thân thiện, hiệu quả trong giao diện người và máy có sử dụng âm thanh. 
650 |a Human-computer interaction,Tương tác con người-máy tính 
904 |i Thanh Khuyên, Trúc 
980 |a Trung tâm Học liệu Trường Đại học Cần Thơ